000 01239nam a2200289Ia 4500
001 ebr10448360
003 CaPaEBR
006 m u
007 cr cn|||||||||
008 090421s2007 enka s 001 0 eng d
020 _z9781904811749
040 _aCaPaEBR
_cCaPaEBR
035 _a(OCoLC)351405196
050 1 4 _aHD38.5
_b.S78 2007eb
082 0 4 _a658.7/0285/55
_222
100 1 _aStudebaker, David.
245 1 0 _aProgramming Microsoft Dynamics NAV
_h[electronic resource] :
_bcreate, modify, and maintain applications in NAV 5.0, the latest version of the ERP application formerly known as Navision /
_cDavid Studebaker.
260 _aBirmingham, U.K. :
_bPackt Publishing Ltd.,
_c2007.
300 _ax, 459 p. :
_bill.
500 _aIncludes index.
533 _aElectronic reproduction.
_bPalo Alto, Calif. :
_cebrary,
_d2011.
_nAvailable via World Wide Web.
_nAccess may be limited to ebrary affiliated libraries.
650 0 _aBusiness logistics
_xData processing.
650 0 _aManagement information systems.
655 7 _aElectronic books.
_2local
710 2 _aebrary, Inc.
856 4 0 _uhttp://site.ebrary.com/lib/rucke/Doc?id=10448360
_zAn electronic book accessible through the World Wide Web; click to view
999 _c137203
_d137203